00237nam a2200097Ia 4500008004100000041000800041082001500049100002100064245004500085260000900130240625s9999 xx 000 0 und d aeng a332.64 SCH aSCHOFIELD NEIL C aCOMMODITY DERIVATIVES MARKETS AND APPLIC c2014